000 00470nam a2200181Ia 4500
003 GCL
008 140319s9999 xx 000 0 eng d
040 _aGCL /
_cGCL
082 0 4 _a153.753
_bS T
100 1 _aSLIFE, BRENT
245 1 0 _aTIME AND PSYCHOLOGICAL EXPLANATION /
_cSLIFE, BRENT
260 _a[S.N] :
_bSTATE UNVIERSITY ،
_c1993
300 _a343 P
650 0 4 _aPSYCHOLOGICAL ASPECTS
650 0 4 _aTIME
650 0 4 _aTIME - PERCEPTION
942 _2ddc
_cBK
999 _c24298
_d24298